| 000 | 01089cam a22003495i 4500 | ||
|---|---|---|---|
| 001 | 23959096 | ||
| 005 | 20250501110856.0 | ||
| 008 | 241220s2024 ii 000 0 eng | ||
| 010 | _a 2024367842 | ||
| 020 | _a9789356404786 | ||
| 025 | _aI-E-2024367842; 03-90 | ||
| 037 | _cTB | ||
| 040 |
_aCRL _beng _erda _cCRL |
||
| 041 |
_2eng _aeng |
||
| 042 | _alcode | ||
| 084 |
_aW:87 R4 _qCRL |
||
| 100 | _aJahanbegloo, Ramin | ||
| 245 | 0 | 0 |
_aThinking nonviolence: _bstruggle and resistance |
| 260 |
_aNew Delhi, India: _bBloomsbury Publishing India Pvt. Ltd, _c2024. |
||
| 264 | 1 | _c2024. | |
| 300 | _a153p. | ||
| 336 |
_atext _btxt _2rdacontent |
||
| 337 |
_aunmediated _bn _2rdamedia |
||
| 338 |
_avolume _bnc _2rdacarrier |
||
| 365 |
_b1599.00 _cINR |
||
| 650 |
_aViolance _9753635 |
||
| 650 | _aPolitical Science | ||
| 906 |
_a7 _bpar _corigode _d3 _encip _f20 _gy-gencatlg |
||
| 942 |
_2CC _cTB _hW:87 R4 _n0 |
||
| 999 |
_c1309862 _d1309862 |
||